| 000 | 011760am a22002890004500 | ||
|---|---|---|---|
| 003 | EG-GiCUC | ||
| 008 | 071213s2007 ua g d 000 0 ara d | ||
| 017 |
_a2007 / 16102 _bمصر.دار الكتب |
||
| 020 | _a9772813440 | ||
| 040 |
_aEG-GiCUC _bara _cEG-GiCUC |
||
| 043 | _af-ua--- | ||
| 092 | 0 | 4 |
_a417.96203 _bM9535 2007 _221 |
| 099 |
_a04 _a417.96203 M9535 2007 |
||
| 245 | 0 | 0 |
_aمعجم لغة الحياة اليومية / _cاشراف وتحرير محمد الجوهرى : شارك فى التحريرابراهيم عبد الحافظ : مصطفى جاد |
| 260 |
_aالقاهرة : _bالمكتبة الاكاديمية : _c2007 |
||
| 300 |
_a692ص ؛ _c24سم |
||
| 650 | 7 |
_aاللغة العربية _xاللهجات _zمصر _2qrmak |
|
| 650 | 7 |
_aاللهجة المصرية _vمعاجم _2qrmak |
|
| 700 | 1 |
_aالجوهرى : محمود _eمحرر |
|
| 700 | 1 |
_aعبد الحافظ : ابراهيم _eمحرر |
|
| 700 | 1 |
_aمصطفى : جاد _eمحرر |
|
| 902 | _a3 | ||
| 905 |
_aعمر _eمدخل |
||
| 905 |
_aعمر _eمراجع |
||
| 942 |
_2ddc _cREF |
||
| 999 |
_c98030 _d98030 |
||